Coronavirus (Registro nro. 19179)

Detalles MARC
000 -LEADER
fixed length control field 00355 a2200133 4500
001 - CONTROL NUMBER
control field ART_51223
005 - DATE AND TIME OF LATEST TRANSACTION
control field 20260410161746.0
008 - FIXED-LENGTH DATA ELEMENTS--GENERAL INFORMATION
fixed length control field 260409a
100 1# - MAIN ENTRY--PERSONAL NAME
Personal name Curutchet, Eduardo
245 10 - TITLE STATEMENT
Title Coronavirus
700 1# - ADDED ENTRY--PERSONAL NAME
Personal name Barreiro, Diego A.
700 1# - ADDED ENTRY--PERSONAL NAME
Personal name Formaro, Juan J.
773 0# - HOST ITEM ENTRY
Title Doctrina laboral
Related parts - N° 419 (jul. 2020)
Record control number REV4049

No hay ítems disponibles.